| 000 | 00511nam a2200169 4500 | ||
|---|---|---|---|
| 001 | 121530 | ||
| 003 | ES-MaACL | ||
| 005 | 20230906191752.0 | ||
| 007 | t| | ||
| 008 | 070214s1961 sp r ||||1| spa d | ||
| 245 | 0 | 0 | _aPlanes de grandes zonas regables. |
| 260 |
_aMadrid : _b[s. n.], _c1961 ( _fLit. Madrileña) |
||
| 300 |
_a54 p. : _bil. ; _c26 cm. |
||
| 500 | _aPrecede al tít.: Presidencia del Gobierno. | ||
| 710 | 1 |
_aEspaña. _bPresidencia del Gobierno. _93951 |
|
| 852 |
_aES-MaACL _jC-30895 _bR.49357 |
||
| 999 |
_c121530 _d121530 |
||